01202nas a2200313 4500001001300000003000900013005001700022007000300039008003400042040005400076041000900130072000800139100002100147100001800168100002100186100001500207245018200222650002100404650001200425650001700437650001800454650001400472773009800486856007000584909004000654942001800694999001900712952015700731BR2017000110BR-BrBNA20231205130814.0ta230509b bl.|||p| |||| 00| 00por d aBR-BrBNAbporcBiblioteca Nacional de Agricultura a(Pt) aK101 aResende, L.A. de1 aPinto, L.V.A.1 aSantos, E.C. dos1 aSilva, S. 1 aCrescimento e sobrevivência de espécies arbóreas em diferentes modelos de plantio na recuperação de área degradada por disposição de resíduos sólidos urbanos aESPÉCIE NATIVA aPLANTIO aSILVICULTURA aVEGETAÇÃO aRESÍDUO0 tRevista Àrvore (Brazil)xISSN 1806-9088 g(Jan-Feb 2015), v. 39(1) p. 147-157wBR201700011040uhttp://www.scielo.br/pdf/rarv/v39n1/0100-6762-rarv-39-01-0147.pdf a202311bLúciac55dLúcia Elande 2AGRISn0cANA c251356d251356 002AGRIS4071a41918b41918cPeriódicos Agrícolash(Jan-Feb 2015), v. 39(1) p. 147-157l0r2023-11-29t01yCRePortaria Interministerial nº 164/94